000
00320nam a2200133Ia 4500
008
221030s9999 xx 000 0 und d
041
_a
English
100
_a
M. Jain
245
0
_a
Introduction to Database Management systems
_c
by M. Jain, V. Pillai
260
_c
0
650
_a
B
700
_a
V. Pillai
942
_c
BK
999
_c
16512
_d
16512